000 00901nam a2200253 a 4500
001 000047267
005 20201002053511.0
008 150724s2017 dr ab 000 0 spa d
020 _a9789945195088 (v.1)
020 _a978994519040 (v.2)
040 _aDO-SdBNP
_bspa
_cBNPHU
082 _axxxx
_bxxxx
100 1 _aNuñe, Paula
_974972
245 1 0 _aEducación inicial 4 años /
_cPaula, Núñez, Elizabeth Martínez ; ilustración Ruddy Núñez... [et. al.]. ; editora Claudia Libre.
260 _aSanto Domingo :
_bSantillana :,
_c2017.
300 _av. :
_bil., ;
_c28 cm. +
_eCD-ROM
490 1 _aProyecto Quiero
505 0 _av. 1 :
_tLibro de texto --
_gv. 2 :
_tGuía de recursos didácticos
590 _aInventariado, 2018/VM
700 1 2 _aMartínez, Elizabeth
_974973
700 1 2 _aNúñez, Ruddy
_eil.
_923171
700 1 2 _aLibre, Claudia
_eed.
_930469
830 0 _aProyecto Quiero
_974974
999 _c46755
_d46755